Language Quiz

Random Language Quiz

Muscles Quiz Stats

 Plays Quiz not verified by Sporcle

Also try: 2-Letter Word?
Challenge
Share
Tweet
Embed
Score 0/35 Timer 10:00
0 Plays Today
hint answer % Correct
Pectoralis major - armAdduction
100%
Pec major 2- armMedial rotation
50%
Pec major 4 - armExtension
25%
Pec major 3 - armFlexion
25%
Pec major 5 - scapulaDownward rotation
25%
Pec major 6 - scapulaProtraction
25%
Pec major 7 - scapulaDepression
25%
Pec minor 1 - scapulaDownward rotation
25%
Pec minor 2 - scapulaProtraction
25%
Pec minor 3 - scapulaDepression
25%
Subclavius 1 - clavicleDepression
25%
Serratus anterior 2 - scapulaUpward rotation
25%
Trapezius 1 - scapulaUpward rotation
25%
Trapezius 2 - scapulaRetraction
25%
Trapezius 3 - scapulaDepression
25%
Trapezius 4 - scapulaElevation
25%
Lat Dorsi 1 - armExtension
25%
Lat dorsi 2 - armAdduction
25%
hint answer % Correct
Lat dorsi 3 - armMedial rotation
25%
Lat dorsi 4 - scapulaRetraction
25%
Lat dorsi 5 - scapulaDepression
25%
Lat dorsi 6 - scapulaDownward rotation
25%
Rhomboids 1 - scapulaElevation
25%
Rhomboids 2 - scapulaRetraction
25%
Deltoid 1 - armAbduction
25%
Deltoid 2 - armFlexion
25%
Deltoid 3 - armExtension
25%
Deltoid 4 - armMedial rotation
25%
Deltoid 5 - armLateral rotation
25%
Supraspinatus 1 -armAbduction
25%
Infraspinatus 1 - armLateral rotation
25%
Teres minor 1 -armLateral rotation
25%
Subscapularis 1 - armmedial rotation
25%
Teres major 1 - armadduction
25%
Serratus anterior 1 - scapulaProtraction
0%

You're not logged in!

Compare scores with friends on all Sporcle quizzes.
Join for Free
OR
Log In

You Might Also Like...

Show Comments

Extras

Created Oct 30, 2012ReportNominate
Tags:muscle

Top Quizzes Today


Score Distribution

Your Account Isn't Verified!

In order to create a playlist on Sporcle, you need to verify the email address you used during registration. Go to your Sporcle Settings to finish the process.

Report this User

Report this user for behavior that violates our Community Guidelines.

Details: